Data structures & other objects using C++ / (رقم التسجيلة. 21373)
[ عرض عادي ]
| 000 -الفاتح | |
|---|---|
| حقل البيانات ثابتة الطول | 01238cam a2200325 a 4500 |
| 001 - رقم الضبط | |
| رقم الضبط | 16013103 |
| 003 - محدد رقم الضبط | |
| رقم الضبط | OSt |
| 005 - وقت وتاريخ اخر تعامل مع التسجيلة | |
| رقم الضبط | 20150408114012.0 |
| 008 - عناصر البيانات ثابتة الطول - معلومات عامة | |
| حقل البيانات ثابتة الطول | 091208s2011 maua 001 0 eng |
| 010 ## - رقم ضبط مكتبة الكونجرس | |
| رقم ضبط مكتبة الكونجرس | 2009049328 |
| 020 ## - الرقم الدولى المعيارى للكتب | |
| الرقم الدولى المعيارى للكتاب | 9780137055333 |
| 020 ## - الرقم الدولى المعيارى للكتب | |
| الرقم الدولى المعيارى للكتاب | 0132129485 (pbk.) |
| 035 ## - رقم ضبط النظام | |
| رقم ضبط النظام | (OCoLC)ocn457156535 |
| 040 ## - مصدر الفهرسة | |
| وكالة الفهرسة الأصلية | DLC |
| وكالة النسخ | DLC |
| وكالة التعديل | YDX |
| -- | YDXCP |
| -- | BWX |
| -- | DLC |
| 050 00 - رقم طلب مكتبة الكونجرس | |
| رقم التصنيف | QA76.73.C153 |
| رقم المادة | M25 2011 |
| 082 00 - رقم تصنيف ديوى العشرى | |
| رقم التصنيف | 005.133 |
| رقم الطبعة | 22 |
| 100 1# - المدخل الرئيسى - إسم شخصى | |
| الإسم الشخصى | Main, M. |
| الشكل الأكمل للاسم | (Michael), |
| التواريخ المصاحبة للاسم | 1956- |
| 9 (RLIN) | 10439 |
| 245 10 - بيان العنوان | |
| العنوان | Data structures & other objects using C++ / |
| بيان المسئوليه,etc | Michael Main, Walter Savitch. |
| 246 14 - العنوان الموازى | |
| عنوان صحيح/عنوان مختصر | Data structures and other objects using C++ |
| 250 ## - بيان الطبعة | |
| بيان الطبعة | 4th ed. |
| 260 ## - PUBLICATION, DISTRIBUTION, ETC. (IMPRINT) | |
| مكان الناشر او الموزع | Boston, MA : |
| اسم الناشر او الموزع | Addison-Wesley, |
| تاريخ النشر أو التوزيع | c2011. |
| 300 ## - الوصف المادى | |
| التعداد | xxix, 818 p. : |
| تفاصيل ماديه اخرى للوعاء | ill. ; |
| أبعاد الوعاء | 24 cm. |
| 500 ## - تبصرة عامة | |
| تبصرة عامة | Includes index. |
| 650 #0 - المدخل الاضافى بالموضوع-مصطلح موضوعى | |
| مصطلح موضوعي أو اسم جغرافي كعنصر مدخل | C++ (Computer program language) |
| 650 #0 - المدخل الاضافى بالموضوع-مصطلح موضوعى | |
| مصطلح موضوعي أو اسم جغرافي كعنصر مدخل | Data structures (Computer science) |
| 650 #0 - المدخل الاضافى بالموضوع-مصطلح موضوعى | |
| مصطلح موضوعي أو اسم جغرافي كعنصر مدخل | Object-oriented programming (Computer science) |
| 9 (RLIN) | 3959 |
| 700 1# - المدخل الاضافى - اسم شخصى | |
| الإسم الشخصى | Savitch, Walter J., |
| التواريخ المصاحبة للاسم | 1943- |
| 9 (RLIN) | 10440 |
| 942 ## - عناصر المدخل الإضافي( كوها) | |
| مصدر التصنيف او مخطط الترفيف | Dewey Decimal Classification |
| Koha [default] item type | كتاب |
| حالة الفقد | نموذج السعر الفعال | حالة تلف | ليس للاعارة | رقم الطلب | تاريخ الاكتساب | الموقع الحالي | الباركود | الفرع الرئيسي | Date last seen | نوع المادة فى نظام كوها | مصدر التصنيف او خطة الترفيف | Total Checkouts | Total Renewals | Date last checked out |
|---|---|---|---|---|---|---|---|---|---|---|---|---|---|---|
| 2013-03-10 | 005.133 M M D | 2012-04-23 | المكتبة المركزية بالمجمعة (CL) | 00085248 | المكتبة المركزية بالمجمعة (CL) | 2013-03-10 | كتاب | Dewey Decimal Classification | ||||||
| 2013-03-10 | 005.133 M M D | 2012-04-23 | المكتبة المركزية بالمجمعة (CL) | 00085247 | المكتبة المركزية بالمجمعة (CL) | 2014-12-30 | كتاب | Dewey Decimal Classification | 1 | 2014-09-16 | ||||
| 2013-03-10 | 005.133 MMD | 2012-12-26 | المكتبة المركزية بالمجمعة (CL) | 00400925 | المكتبة المركزية بالمجمعة (CL) | 2013-03-10 | كتاب | Dewey Decimal Classification | ||||||
| 2013-03-10 | 005.133 MMD | 2012-12-26 | المكتبة المركزية بالمجمعة (CL) | 00400924 | المكتبة المركزية بالمجمعة (CL) | 2016-08-18 | كتاب | Dewey Decimal Classification | 1 | 2016-08-18 | ||||
| 2013-03-10 | 005.133 MMD | 2013-01-06 | المكتبة المركزية بالمجمعة (CL) | 00401438 | المكتبة المركزية بالمجمعة (CL) | 2021-04-07 | كتاب | Dewey Decimal Classification | 3 | 1 | 2016-08-18 | |||
| 2013-03-10 | 005.133 M M D | 2012-04-20 | قسم الاجراءات الفنية (IC) | 00084518 | قسم الاجراءات الفنية (IC) | 2013-03-10 | كتاب | Dewey Decimal Classification | ||||||
| 2013-03-10 | 005.133 M M D | 2012-04-20 | قسم الاجراءات الفنية (IC) | 00084519 | قسم الاجراءات الفنية (IC) | 2013-03-10 | كتاب | Dewey Decimal Classification | ||||||
| 2013-03-10 | 005.133 M M D | 2012-04-20 | قسم الاجراءات الفنية (IC) | 00084520 | قسم الاجراءات الفنية (IC) | 2013-03-10 | كتاب | Dewey Decimal Classification | ||||||
| 2013-03-10 | 005.133 M M D | 2012-04-20 | قسم الاجراءات الفنية (IC) | 00084521 | قسم الاجراءات الفنية (IC) | 2013-03-10 | كتاب | Dewey Decimal Classification | ||||||
| 2013-03-10 | 005.133 M M D | 2012-04-22 | مكتبة كلية التربية بالزلفى - طالبات (EZF) | 00085143 | مكتبة كلية التربية بالزلفى - طالبات (EZF) | 2014-06-03 | كتاب | Dewey Decimal Classification | 2 | 1 | 2013-12-12 | |||
| 2013-03-10 | 005.133 M M D | 2012-04-22 | مكتبة كلية التربية بالزلفى - طالبات (EZF) | 00085153 | مكتبة كلية التربية بالزلفى - طالبات (EZF) | 2013-06-12 | كتاب | Dewey Decimal Classification | 1 | 2013-01-30 | ||||
| 2013-03-10 | 005.133 M M D | 2012-04-10 | مكتبة مجمع الطالبات بالمجمعة (EMF) | 00076205 | مكتبة مجمع الطالبات بالمجمعة (EMF) | 2013-03-10 | كتاب | Dewey Decimal Classification | ||||||
| 2013-03-10 | 005.133 M M D | 2012-04-10 | مكتبة مجمع الطالبات بالمجمعة (EMF) | 00076204 | مكتبة مجمع الطالبات بالمجمعة (EMF) | 2013-03-10 | كتاب | Dewey Decimal Classification | ||||||
| 2013-03-10 | 005.133 M M D | 2012-04-23 | مكتبة مجمع الكليات بالزلفى - طلاب (SZM) | 00085339 | مكتبة مجمع الكليات بالزلفى - طلاب (SZM) | 2013-06-04 | كتاب | Dewey Decimal Classification | 2 | 1 | 2012-12-16 | |||
| 2013-03-10 | 005.133 M M D | 2012-04-23 | مكتبة مجمع الكليات بالزلفى - طلاب (SZM) | 00085340 | مكتبة مجمع الكليات بالزلفى - طلاب (SZM) | 2014-10-26 | كتاب | Dewey Decimal Classification | 3 | 5 | 2014-10-19 |
